खुल गया है द्वार एकः अशोक वाजपेयी की कविताओं से एक चयन (Record no. 15527)

MARC details
000 -LEADER
fixed length control field 00632nam a2200169Ia 4500
008 - FIXED-LENGTH DATA ELEMENTS--GENERAL INFORMATION
fixed length control field 230917s9999||||xx |||||||||||||| ||und||
020 ## - ISBN
Price RS400
040 ## - CATALOGING SOURCE
-- 227499
Original cataloging agency VIVEKANANDA LIBRARY
041 ## - Language
-- English
082 ## - DDC NUMBER
Classification number 891.431721 VA215K:NN
100 ## - MAIN ENTRY--PERSONAL NAME
Personal name नवल, नदकिशोर
245 #0 - TITLE STATEMENT
Title खुल गया है द्वार एकः अशोक वाजपेयी की कविताओं से एक चयन
260 ## - PUBLICATION, DISTRIBUTION, ETC. (IMPRINT)
Place of publication, distribution, etc नई दिल्ली
Name of publisher, distributor, etc राजकमल प्रकाशन
Date of publication, distribution, etc 2014
300 ## - PHYSICAL DESCRIPTION
Pages 207 पृ. p.
500 ## - GENERAL NOTE
General note 2080 13/08/2015 RKP15/3933 22/08/2015 Main Budget
942 ## - ADDED ENTRY ELEMENTS (KOHA)
Koha item type Books
Holdings
Withdrawn status Lost status Damaged status Not for loan Location (home branch) Sublocation or collection (holding branch) Date acquired Koha issues (times borrowed) Koha full call number Accession No. Koha date last seen Koha item type
        VIVEKANANDA LIBRARY VIVEKANANDA LIBRARY 20/10/2015 1 891.431721 VA215K:NN 339376 09/12/2023 Books
© Designed and Maintained by Vivekananda Library, MDU Rohtak